| 000 | 01003cam a22001934a 4500 | ||
|---|---|---|---|
| 005 | 20250605163934.0 | ||
| 008 | 250528s ||||||||||||||||||||||||d | ||
| 035 | _a14811 | ||
| 020 | _a314852816 | ||
| 040 |
_aGR-AtMCL _bgre _dGR-AtMCL _eAACR2 |
||
| 245 | 1 | _aSocial Psychology / Society and Self | |
| 260 |
_bWest Publishing Company, _c1985 |
||
| 300 | _a432 | ||
| 520 | _aPreface, Acknowledgements, The Discipline: Its Purposes and Methods, The Origins of Social Psychology, Consiousness and Social Interaction, Socialization: Learning How to Interact, Group Phenomena: The Self and Others, Language and Social Life, Deviancy: The Meanings of Being Different, Inequality in Interaction, Gender and Sexual Identity, Aggression: The Meanings of Violence, Collective Behavior, Life in Public Places, Worlds of Emotions, Conclusions and Dirrections, How to Organixe Observations: The Methodology of Social Psychology. | ||
| 700 | 1 |
_aNash Jeffrey _9572 |
|
| 942 | _cBK | ||
| 999 |
_c426 _d426 |
||